000 00520nam a22001937a 4500
001 8705
003 FISKH
005 20251013114931.0
008 251013b cb ||||| |||| 00| 0 eng d
040 _aFISKH
_beng
_cFISKH
_dFISKH
082 _a371.26
100 _aAnonymous
245 _aA-Z assessment guide for prek 2 /
260 _aPhnom Penh :
_bFootprint,
300 _a104 unnumbered pages :
_billustrations ;
_c30 cm
520 _aGuiding book book for Prek2 teacher
942 _2ddc
_cBK
_n0
999 _c8705
_d8705